Foundations of Qualitative Research: Interpretive and Critical Approaches (Record no. 1398688)
[ view plain ]
| 000 -LEADER | |
|---|---|
| fixed length control field | 00634nam a2200205Ia 4500 |
| 005 - DATE AND TIME OF LATEST TRANSACTION | |
| control field | 20250508170019.0 |
| 008 - FIXED-LENGTH DATA ELEMENTS--GENERAL INFORMATION | |
| fixed length control field | 008 250505s9999 xx 000 0 eng d |
| 020 ## - INTERNATIONAL STANDARD BOOK NUMBER | |
| International Standard Book Number | 978-1-138-35501-9 |
| 037 ## - SOURCE OF ACQUISITION | |
| Stock number | Reference |
| 040 ## - CATALOGING SOURCE | |
| Original cataloging agency | FEDL |
| Language of cataloging | eng |
| Transcribing agency | FEDL |
| 041 ## - LANGUAGE CODE | |
| Language code of text/sound track or separate title | eng |
| Source of code | eng |
| 084 ## - COLON CLASSIFICATION NUMBER | |
| Classification number | 001.42, WIL/RR |
| Assigning agency | FEDL |
| 100 ## - MAIN ENTRY--PERSONAL NAME | |
| Personal name | Wills Jerry W |
| 9 (RLIN) | 782712 |
| 245 #0 - TITLE STATEMENT | |
| Title | Foundations of Qualitative Research: Interpretive and Critical Approaches |
| 260 ## - PUBLICATION, DISTRIBUTION, ETC. | |
| Place of publication, distribution, etc. | New Delhi, India |
| Name of publisher, distributor, etc. | Sage Publications India Pvt Ltd |
| Date of publication, distribution, etc. | 2007 |
| 300 ## - PHYSICAL DESCRIPTION | |
| Extent | 366p. |
| 546 ## - LANGUAGE NOTE | |
| Language note | Online Printout |
| 942 ## - ADDED ENTRY ELEMENTS (KOHA) | |
| Koha item type | Reference |
| Classification part | 001.42, WIL/RR |
| Withdrawn status | Lost status | Damaged status | Not for loan | Home library | Current library | Date acquired | Total Checkouts | Full call number | Barcode | Date last seen | Price effective from | Koha item type |
|---|---|---|---|---|---|---|---|---|---|---|---|---|
| Department of Education Library | Department of Education Library | 2025-05-08 | 001.42, WIL/RR | EL0092350 | 2025-05-08 | 2025-05-08 | Reference |
